01623na a2200373 450000100060000000300080000600500170001400800410003103500100007204000250008204100080010708200290011511000340014422200160017824501060019424600430030024600540034326000220039730000180041944000530043750001390049061000660062961000480069565100470074365700300079065700280082065700220084865700210087071001010089171100560099274001370104874000430118583000210122820531MIRAKIL20181213155206.0170124b tu 000 0  a20531 aMilasbturcTR-AnCHP atur aCHP 324.23072bC36b 2003 aCumhuriyet Halk Partisi (CHP) aBildirgeler aCHP 30. olağan kurultayı temel sorunlar ve temel çözümler bildirgesib(23-24 Ekim 2003)cCHP aCHP 30. olağan kurultayı bildirgesi aTemel sorunlar ve temel çözümler bildirgesi aAnkarabCHPc2003 a32 s.c21 sm. aCumhuriyet Halk Partisi yayınlarıpBildirgeler a(Temel Sorunlar ve Temel Çözümler Komisyonu ile CHP CHP 30. Olağan Kurultayı tarafından oybirliği ile kabul edilmiştir) aCumhuriyet Halk Partisi (CHP)xKurultaylar, 2003yBildirgeler aCHPxPropaganda ve ideolojileryBildirgeler aTürkiyexSiyaset ve yönetimy2003-2005 aCHP kurultay bildirgeleri aCHP kurultay bildirgesi aCHP kurultayları aCHP bildirgeleri aCumhuriyet Halk Partisi (CHP)bTemel Sorunlar ve Temel Çözümler Komisyonud23-24 Ekim 2003 aCHP Olağan KurultaycAnkarad23-24 Ekim 2003n30. aTemel Sorunlar ve Temel Çözümler Komisyonu ile CHP CHP 30. Olağan Kurultayı tarafından oybirliği ile kabul edilmiştir aCHP 30. olağan kurultayı bildirgesi aCHP bildirgeleri